Vista normal Vista MARC

Entrada Materia (personas)

Número de registros utilizados en: 1

001 - CONTROL NUMBER

  • control field: 36445

003 - CONTROL NUMBER IDENTIFIER

  • control field: Co-BoUCM

005 - DATE AND TIME OF LATEST TRANSACTION

  • control field: 20130429130221.0

008 - FIXED-LENGTH DATA ELEMENTS

  • fixed length control field: 130429|| aca||aabn | a|a d

040 ## - CATALOGING SOURCE

  • Original cataloging agency: Co-BoUCM
  • Transcribing agency: Co-BoUCM

100 ## - HEADING--PERSONAL NAME

  • Personal name: Rodríguez De Vega,Tomás
  • Dates associated with a name: (1513-1579)

670 ## - SOURCE DATA FOUND

  • Source citation: Work cat.: (Co-BoUCM)76347: Rodríguez De Vega,Tomás (1513-1579), Tomus Primus commentariorum in Claudii Galeni opera, medicorum principis: complectens interpretationem Artis Medicae & librorum sex De locis affectis. Commentarii in (...) libros duos De differentia febrium, [s.f.]